000 00689nam a22002177a 4500
003 UA-OsUOA
001 93670
007 ta
008 20130124b un ||||| |||| 00| 0 ukr d
100 _aРудик В.К.
090 _a330(477)
_bР83
942 _cSA
040 _aUA-OsUOA
_bukr
_cUA-OsUOA
_dUA-OsUOA
245 _aОрганізаційна структура функціонування недержавного пенсійного забезпечення в Україні
300 _aС.74-84
955 _a0
041 _aukr
080 _a330(477)
773 0 _w93664
_tФінанси України
_dК.
_d2012
_g7
650 7 _a330 Економіка взагалі
_2UDC
999 _c379913
_d379913